Globalization and social justice (Record no. 215882)
[ view plain ]
| 000 -LEADER | |
|---|---|
| fixed length control field | 00707nam a2200241Ia 4500 |
| 003 - CONTROL NUMBER IDENTIFIER | |
| control field | OSt |
| 005 - DATE AND TIME OF LATEST TRANSACTION | |
| control field | 20250718112606.0 |
| 008 - FIXED-LENGTH DATA ELEMENTS--GENERAL INFORMATION | |
| fixed length control field | 210719s2008 xx 000 0 und d |
| 020 ## - INTERNATIONAL STANDARD BOOK NUMBER | |
| International Standard Book Number | 8131602125 |
| 040 ## - CATALOGING SOURCE | |
| Transcribing agency | AL |
| 041 ## - LANGUAGE CODE | |
| Language code of text/sound track or separate title | eng |
| 082 ## - DEWEY DECIMAL CLASSIFICATION NUMBER | |
| Classification number | 361.2 JOGG |
| 100 ## - MAIN ENTRY--PERSONAL NAME | |
| Personal name | Jogdand P G |
| 9 (RLIN) | 219360 |
| 245 ## - TITLE STATEMENT | |
| Title | Globalization and social justice |
| Remainder of title | : perspectives challenges and praxis |
| 260 ## - PUBLICATION, DISTRIBUTION, ETC. | |
| Place of publication, distribution, etc. | Jaipur |
| Name of publisher, distributor, etc. | Rawat Publications |
| Date of publication, distribution, etc. | 2008 |
| 300 ## - PHYSICAL DESCRIPTION | |
| Extent | xviii,318p |
| Other physical details | HB |
| 365 ## - TRADE PRICE | |
| Price amount | 695 |
| Currency code | Rs |
| 650 ## - SUBJECT ADDED ENTRY--TOPICAL TERM | |
| Topical term or geographic name entry element | Social Problems |
| 9 (RLIN) | 219361 |
| 700 ## - ADDED ENTRY--PERSONAL NAME | |
| Personal name | Bansode, Prashant P |
| 9 (RLIN) | 219362 |
| 710 ## - ADDED ENTRY--CORPORATE NAME | |
| Corporate name or jurisdiction name as entry element | Meshram, N G Ed |
| 9 (RLIN) | 219363 |
| 906 ## - LOCAL DATA ELEMENT F, LDF (RLIN) | |
| a | challenges ; Globalization ; justice:perspectives ; praxis ; social |
| 942 ## - ADDED ENTRY ELEMENTS (KOHA) | |
| Source of classification or shelving scheme | Dewey Decimal Classification |
| Koha item type | Book |
| Withdrawn status | Lost status | Source of classification or shelving scheme | Damaged status | Not for loan | Collection code | Home library | Current library | Date acquired | Source of acquisition | Cost, normal purchase price | Total Checkouts | Full call number | Barcode | Date last seen | Price effective from | Koha item type |
|---|---|---|---|---|---|---|---|---|---|---|---|---|---|---|---|---|
| Dewey Decimal Classification | Reference Book | St Aloysius Library | St Aloysius Library | 03/15/2019 | General Annual | 695.00 | 361.2 JOGG | D04517 | 07/19/2021 | 07/19/2021 | Donated Books |